El búho de Minerva: introducción a la filosofía moderna
Saved in:
| Hovedforfatter: | |
|---|---|
| Format: | Bog |
| Sprog: | spansk |
| Udgivet: |
Santiago
Dolmen
1988
|
| Udgivelse: | 1a. ed |
| Fag: | |
| Online adgang: | Disponible Online |
| Tags: |
Tilføj Tag
Ingen Tags, Vær først til at tagge denne postø!
|
MARC
| LEADER | 00000cam a2200000 a 4500 | ||
|---|---|---|---|
| 001 | UCX9761 | ||
| 003 | CL-VaPUC | ||
| 005 | 20241205083832.0 | ||
| 008 | 940624e19880000CL |||||||||||||||||spa|d | ||
| 999 | |c 228914 |d 228912 | ||
| 040 | |c Pontificia Universidad Católica de Valparaíso | ||
| 082 | 0 | 4 | |a 190 |b ECH |2 21 |
| 100 | 0 | |a Echeverría, Rafael |e author |9 354 | |
| 245 | 1 | 3 | |a El búho de Minerva: introducción a la filosofía moderna |
| 250 | |a 1a. ed | ||
| 260 | |a Santiago |b Dolmen |c 1988 | ||
| 300 | |a 282 p | ||
| 583 | |a last modification |c 20140319 04:32:19 |k Rodrigo Vera | ||
| 650 | 0 | |a Filosofía moderna |9 258121 | |
| 650 | 0 | |a Pensamiento filosófico |9 392662 | |
| 856 | 4 | |u https://bibliografiadigital.pucv.cl/index.php/bibliotecapucv/catalog/book/25 |y Disponible Online | |
| 942 | |c BK |2 ddc | ||
| 945 | |d 19940624 00:00:00 |a aalvarez | ||
| 952 | |0 0 |1 0 |4 0 |6 190_000000000000000_ECH_1988 |7 0 |8 R |9 229403 |a BIBEDU |b BIBEDU |c MCIRC |d 2019-11-15 |i 3002381 |o 190 ECH 1988 |p 3002381 |r 2023-01-13 |w 2019-11-15 |y BK_R |k EDU | ||
| 952 | |0 0 |1 0 |4 0 |6 190_000000000000000_ECH_1988 |7 0 |8 A |9 229404 |a BIBING |b BIBING |d 2019-11-15 |i 3054462 |o 190 ECH 1988 |p 3054462 |r 2025-01-20 |w 2019-11-15 |y BK |k EII | ||
| 952 | |0 0 |1 0 |4 0 |6 190_000000000000000_ECH_1988 |7 0 |8 F |9 229405 |a BIBTEO |b BIBTEO |d 2019-11-15 |i 3182738 |o 190 ECH 1988 |p 3182738 |r 2025-01-17 |w 2019-11-15 |y BK_F |k ICR | ||
| 952 | |0 0 |1 0 |4 0 |6 190_000000000000000_ECH_1988 |7 0 |8 F |9 229406 |a BIBTEO |b BIBTEO |d 2019-11-15 |i 318272K |o 190 ECH 1988 |p 318272K |r 2025-01-17 |w 2019-11-15 |y BK_F |k ICR | ||